000 01020nas a2200313 4500
001 BR9203804
003 BR-BrBNA
005 20231205095100.0
007 ta
008 230509b bl.|||p| |||| 00| 00por d
040 _aBR-BrBNA
_bpor
_cBiblioteca Nacional de Agricultura
041 _a(Pt)
072 _aP33
100 1 _aReinert, D.J.
100 1 _aFontana, C.
100 1 _aMiranda, N. de O.
100 1 _aWeiss, A.
100 1 _aMutti, L.S.M.
100 1 _aDallmeyer, A.U.
100 1 _aScholsser, J.F.
245 1 _aEfeito de metodos de preparo reduzido do solo sobre a distribuicao do tamanho de torroes em solo podzolico vermelho amarelo e latossolo vermelho escuro
650 _aSolo
650 _aPodzolico Vermelho Amarelo
650 _aLatossolo Vermelho Escuro
650 _aManejo do Solo
773 0 _tRevista do Centro de Ciencias Rurais (Brazil)
_xISSN 0085-5901
_g(Jan-Jun 1987), v. 17(1-2) p. 25-38
_wBR9203804
909 _a202311
_bLúcia
_c55
_dLúcia Elande
942 _2AGRIS
_n0
_cANA
999 _c148621
_d148621